[Event "2025 Spring TNM: u1600"]
[Site "San Francisco"]
[Date "2025.03.18"]
[Round "3.27"]
[White "Lee, Yinpok R"]
[Black "Braithwaite, Andrew"]
[Result "1-0"]
[WhiteElo "935"]
[BlackElo "1126"]
[PlyCount "75"]
[GameId "2157333390613801"]
[EventDate "2025.??.??"]

1. b4 Nf6 2. Bb2 g6 3. c4 Bg7 4. Nf3 O-O 5. e3 d6 6. Be2 e5 7. d3 Nc6 8. b5 Ne7 9. O-O a6 10. a4 axb5 11. axb5 Rxa1 12. Bxa1 b6 13. Nc3 Bb7 14. Qc2 Re8 15. Nd2 d5 16. cxd5 Nexd5 17. Nxd5 Nxd5 18. Rc1 Qa8 19. e4 Nf4 20. Nc4 Bh6 21. Rd1 Bg7 22. f3 Re7 23. d4 exd4 24. Bxd4 Bxd4+ 25. Rxd4 Qe8 26. Kf2 Nxe2 27. Qxe2 Qxb5 28. Qd3 c5 29. Rd8+ Kg7 30. Qc3+ f6 31. Rd6 Bc6 32. Qxf6+ Kh6 33. Qh4+ Kg7 34. Qxe7+ Kh6 35. Qf8+ Kh5 36. g4+ Kg5 37. h4+ Kxh4 38. Qh6# 1-0

[Event "2025 Spring TNM: u1600"]
[Site "San Francisco"]
[Date "2025.03.18"]
[Round "3.29"]
[White "Pirone, John"]
[Black "Zhao, Brandon"]
[Result "0-1"]
[Annotator "Winslow,Elliott"]
[WhiteElo "1026"]
[BlackElo "1280"]
[PlyCount "114"]
[GameId "2157333390621995"]
[EventDate "2025.??.??"]

1. e4 e6 2. d4 d5 3. e5 c5 4. c3 Nc6 5. Nf3 Qb6 6. Qb3 $6 (6. Be2) (6. a3) (6. Bd3 $5 cxd4 7. O-O $5) 6... Qxb3 7. axb3 cxd4 8. cxd4 Nge7 9. Bd2 Nf5 10. Bb5 Bd7 11. Bxc6 Bxc6 12. O-O Be7 13. Nc3 O-O 14. Rfe1 a6 15. Ne2 Rac8 16. Nf4 Bb5 17. Rac1 g5 18. g4 {[#]} gxf4 19. gxf5 exf5 20. Bxf4 Bd3 21. Rxc8 Rxc8 22. Rc1 Rxc1+ 23. Bxc1 Bc2 24. Nd2 Bg5 25. b4 Be7 26. b5 axb5 27. f4 f6 28. Nf3 Kf7 29. Kf2 Be4 30. Ke2 Bb4 31. Nd2 Bc2 32. Nf3 Ba5 33. Ne1 Be4 34. Nd3 Bb6 35. Be3 Ke6 36. b4 h6 37. Nc5+ Bxc5 38. dxc5 fxe5 39. fxe5 Kxe5 40. Bxh6 f4 41. Bg7+ Kf5 42. Bd4 Kg4 43. Bf2 Kh3 44. Bg1 Kg2 45. Bd4 Kxh2 46. Kf2 Kh3 47. Be5 Kg4 48. Bd4 Kf5 49. Bc3 Bc2 50. Ke2 Ke4 51. Bb2 d4 52. Bc1 f3+ 53. Kf2 Bd1 54. Bd2 Kd3 55. Be1 Be2 56. Kg3 Kc2 57. Kf2 Kd1 {[#]} 0-1

[Event "2025 Spring TNM: u1600"]
[Site "San Francisco"]
[Date "2025.03.18"]
[Round "3.30"]
[White "Burkhardt, Douglas Alan"]
[Black "Vazquez, Dominic A"]
[Result "1-0"]
[WhiteElo "739"]
[BlackElo "1206"]
[PlyCount "51"]
[GameId "2157333390621996"]
[EventDate "2025.??.??"]

1. d4 Nf6 2. Nf3 g6 3. g3 d5 4. Bg2 Bg7 5. O-O c6 6. c4 dxc4 7. Nbd2 b5 8. a4 O-O 9. e3 Bg4 10. Qc2 Bf5 11. Qc3 Nd5 12. Qa3 Re8 13. e4 Bxe4 14. Nxe4 Nd7 15. axb5 cxb5 16. Qa5 Qxa5 17. Rxa5 a6 18. Bd2 Rec8 19. Bh3 e6 20. Rfa1 Rc6 21. Rxb5 axb5 22. Rxa8+ Bf8 23. Bh6 N5b6 24. Nf6+ Kh8 25. Ng5 Nxa8 26. Nxf7# 1-0

[Event "2025 Spring TNM: u1600"]
[Site "San Francisco"]
[Date "2025.03.18"]
[Round "3.32"]
[White "Merk, Felix Elias"]
[Black "Sloan, Sacha Marino"]
[Result "0-1"]
[Annotator "Winslow,Elliott"]
[WhiteElo "1304"]
[BlackElo "660"]
[PlyCount "104"]
[GameId "2157333390626094"]
[EventDate "2025.??.??"]

1. d4 d5 2. c4 e6 3. Nc3 Nf6 4. cxd5 Nxd5 5. e4 Nxc3 6. bxc3 c6 (6... c5 7. Nf3 cxd4 8. cxd4 Bb4+ 9. Bd2 Bxd2+ 10. Qxd2 O-O) (6... c5 7. Rb1 $5) 7. Nf3 Be7 8. Bc4 Qc7 9. O-O O-O 10. Bg5 Bxg5 11. Nxg5 h6 12. Nf3 Nd7 13. Bb3 Nf6 14. Bc2 c5 15. Qd3 c4 16. Qe2 b5 17. e5 Nd5 18. Qe4 g6 19. Qh4 Kg7 20. Be4 Qd8 21. Qg3 Nxc3 22. Rfe1 Nxe4 23. Rxe4 Bb7 24. Rf4 Bxf3 25. Qxf3 Qd5 26. Rb1 Qxf3 27. Rxf3 a6 28. a4 Rab8 29. Kf1 Rfd8 30. Rf4 b4 31. Ke2 b3 32. Kd2 Rb4 33. a5 Ra4 34. Kc3 Rd5 35. Rf3 Rdxa5 36. Kb2 Rd5 37. Kc3 Rd7 38. Re3 Rc7 39. f4 Ra2 40. Rb2 Rxb2 41. Kxb2 a5 42. g4 a4 43. Rc3 f6 44. d5 exd5 45. e6 Kf8 46. f5 d4 47. Rh3 c3+ 48. Ka3 c2 49. Kxa4 c1=Q 50. Rxb3 Ra7+ 51. Kb4 Rb7+ 52. Ka4 Rxb3 0-1

[Event "2025 Spring TNM: u1600"]
[Site "San Francisco"]
[Date "2025.03.18"]
[Round "3.33"]
[White "Cao, Danny Du Uy"]
[Black "Fitzgerald, William"]
[Result "0-1"]
[Annotator "Cao,Danny Du Uy"]
[WhiteElo "1174"]
[BlackElo "1311"]
[PlyCount "94"]
[GameId "2157333390626095"]
[EventDate "2025.??.??"]

1. d4 Nf6 2. e3 e6 3. Bd3 d5 4. Nd2 c5 5. c3 Nc6 6. f4 c4 7. Bc2 Bd6 8. Ngf3 Qe7 9. Ne5 O-O 10. O-O Nd7 11. Bxh7+ (11. Qh5 f5 12. g4 fxg4 (12... g6 13. Qh6) 13. Qxh7#) (11. Qf3) (11. e4 dxe4 (11... f5) 12. Bxe4) 11... Kxh7 12. Qh5+ Kg8 13. Rf3 Qf6 14. Rh3 Qh6 15. Qf3 Qf6 16. g4 (16. Qh5 Qh6 17. Qf3 Qf6 18. Qh5 Qh6) 16... Bxe5 17. dxe5 Qg6 18. e4 (18. Rh5 f5 19. g5 Kf7) 18... f5 19. exf6 (19. g5 fxe4 20. Qg4) (19. exf5 exf5 20. g5) 19... Nxf6 20. e5 (20. g5 Nxe4 21. Nxe4 Qxe4 22. Qh5 Qe1+ 23. Kg2) 20... Qxg4+ 21. Rg3 Qxf3 22. Nxf3 Nh5 23. Rg4 Rf5 24. Nh4 Rf7 25. Be3 Bd7 26. Rf1 Raf8 27. Ng6 Re8 28. Rh4 (28. Rf3 Rf5) 28... Kh7 29. Rg4 (29. Rf3 Kxg6 30. Rg3+ Kh6 (30... Nxg3 31. Rg4+ Kh5 32. Rxg3) 31. f5+) (29. Rxh5+ Kxg6) 29... Ne7 30. Nxe7 (30. Rf3 Nxg6) (30. Nh4 Nf5 31. Nxf5 Rxf5 32. Rf3) 30... Rexe7 31. Rf3 Ba4 32. Rh4 (32. Rh3 Rf5) 32... Rf5 33. Rfh3 g6 34. Bxa7 b6 35. Bb8 (35. Bxb6 Rb7 36. Bd8 Rxb2 37. Bg5 Rb1+ 38. Kf2 Rb2+) 35... Ref7 36. Bd6 Rxf4 37. Rxh5+ (37. Rxf4 Rxf4) 37... gxh5 38. Rxh5+ Kg6 39. Rh8 Rf1+ 40. Kg2 Bc6 41. Rg8+ Kh7 42. Rg4 d4+ 43. Kh3 R1f3+ 44. Kh4 R3f4 45. h3 d3 46. Be7 Rxg4+ 47. hxg4 Rxe7 0-1

[Event "2025 Spring TNM: u1600"]
[Site "San Francisco"]
[Date "2025.03.18"]
[Round "3.34"]
[White "Blum, Paul"]
[Black "Starr, Albert Martin"]
[Result "1-0"]
[WhiteElo "1016"]
[BlackElo "1518"]
[PlyCount "119"]
[GameId "2157418874507571"]
[EventDate "2025.??.??"]

1. e4 e5 2. Nf3 Nf6 3. d3 d6 4. h3 h6 5. Nc3 Be6 6. Be3 Nbd7 7. Be2 Be7 8. Qd2 a6 9. a4 O-O 10. O-O-O c5 11. b3 d5 12. exd5 Nxd5 13. Kb1 Nxe3 14. fxe3 f6 15. g4 Rb8 16. Rdg1 b5 17. axb5 axb5 18. d4 {[#]} c4 19. dxe5 Qb6 20. Nd4 Nxe5 21. Ndxb5 cxb3 22. cxb3 Bc5 23. Na4 Bxe3 24. Nxb6 Bxd2 25. Rd1 Rfd8 26. Na4 Nd3 27. Bxd3 Rxd3 28. Kc2 Rxb3 29. Nd4 Ra3 30. Nxe6 Ra2+ 31. Kd3 Rb3+ 32. Kc4 Rb4+ 33. Kd3 Rbxa4 34. Rxd2 R4a3+ 35. Ke2 Ra1 36. Rxa1 Rxa1 37. Rd3 Ra8 38. Rd8+ Rxd8 39. Nxd8 Kf8 40. Ne6+ Kf7 41. Nf4 g5 42. Nh5 Ke6 43. Ke3 Ke5 44. Ng7 Kd5 45. Nf5 Ke6 46. Nxh6 Ke5 47. Nf5 Ke6 48. Kd4 Kf7 49. Kd5 Kg6 50. Ke6 Kh7 51. Kxf6 Kg8 52. Kxg5 Kh7 53. Kh5 Kh8 54. Nh6 Kh7 55. g5 Kg7 56. g6 Kh8 57. Kg5 Kg7 58. Nf5+ Kg8 59. g7 Kh7 60. Kf6 1-0

[Event "2025 Spring TNM: u1600"]
[Site "San Francisco"]
[Date "2025.03.18"]
[Round "3.35"]
[White "Smith, Daniel"]
[Black "Myers, Steven Lee"]
[Result "1-0"]
[Annotator "Winslow,Elliott"]
[WhiteElo "1126"]
[BlackElo "1196"]
[PlyCount "103"]
[GameId "2157333390634288"]
[EventDate "2025.??.??"]

1. d4 Nc6 2. c4 e5 3. d5 Nce7 4. e4 Ng6 5. Nc3 Bc5 6. Nf3 d6 7. Be2 h6 8. b4 Bb6 9. a4 a5 10. b5 Nf6 11. O-O Bg4 12. h3 Bxh3 13. gxh3 Qd7 14. Kh2 Nh5 15. Nxe5 dxe5 16. Bxh5 O-O 17. Ba3 Rfd8 18. Bg4 Qe8 19. c5 Ba7 20. d6 Nf4 21. d7 Qe7 22. c6 Qh4 23. Qf3 h5 {[#]} 24. Qg3 Qg5 25. h4 Qxg4 26. Be7 Bd4 27. Qxg4 hxg4 28. Bxd8 Rxd8 29. Rac1 b6 30. f3 gxf3 31. Rxf3 f6 32. Nd5 Ne6 33. Rg3 Kf7 34. Rc2 Bc5 35. Rcg2 Bf8 {[#]} 36. h5 Bd6 37. Rh3 Ng5 38. Re3 Ne6 39. Reg3 Ng5 40. Rg4 Rh8 41. Kg1 Ne6 42. Ne3 Bc5 43. R2g3 {[#]} Rxh5 $4 (43... Bxe3+ $1 44. Rxe3 Rxh5 {is showing every sign of a blockade! Sign #1: Stockfish makes it +2.42 across the board (occasionally some flickers but then back). At depth 40! In other words: No Progress.}) 44. Kg2 $2 (44. Rxg7+ $1 $18 {blows it up.}) 44... g5 $2 (44... Rh7 {is probably that same drawn blockade.}) 45. Nf5 (45. Nd5 $1 {(threatens 46.Nxc7, so there's time for)} Rh8 46. Rh3 {although, even with all the numbers in the 7s, it might **still** be a blockade.}) 45... Nf4+ $2 {[#]} (45... Rh8 46. Rh3 Rf8 47. Rh7+ Kg6 48. Rh6+ Kf7 49. Rg3 {This *must* be winnable!}) 46. Rxf4 $1 exf4 47. d8=Q {Stockfish 17 is seeing mate in 7.} fxg3 48. Qxc7+ Ke6 49. Qd7+ Ke5 50. Qd5+ Kf4 51. Nxg3 Rh6 52. Qf5+ 1-0

[Event "2025 Spring TNM: 2000+"]
[Site "San Francisco"]
[Date "2025.03.25"]
[Round "4.1"]
[White "Heiserman, Jimmy"]
[Black "Dzhanhirov, Dmytro"]
[Result "0-1"]
[WhiteElo "2303"]
[BlackElo "2235"]
[PlyCount "112"]
[GameId "2159927754322962"]
[EventDate "2025.??.??"]

1. d4 {[%emt 0:02:25]} Nf6 {[%emt 0:00:10]} 2. c4 {[%emt 0:00:07]} g6 {[%emt 0:00:06]} 3. Nc3 {[%emt 0:00:05]} d6 {[%emt 0:00:20]} 4. e4 {[%emt 0:00:05]} Bg7 {[%emt 0:00:07]} 5. h3 {[%emt 0:00:12]} O-O {[%emt 0:00:10]} 6. Be3 {[%emt 0:00:12]} b6 {[%emt 0:02:01]} 7. Nf3 {[%emt 0:01:38]} Bb7 {[%emt 0:00:51]} 8. Bd3 {[%emt 0:04:55]} Nfd7 {[%emt 0:04:50]} 9. Qd2 {[%emt 0:08:49]} Nc6 {[%emt 0:09:10]} 10. O-O {[%emt 0:16:50]} e5 {[%emt 0:06:37]} 11. d5 {[%emt 0:03:41]} Nb4 {[%emt 0:04:09]} 12. Bb1 {[%emt 0:01:41]} a5 {[%emt 0:00:14]} 13. a3 {[%emt 0:02:00]} Na6 {[%emt 0:00:06]} 14. Bc2 {[%emt 0:00:04]} Qe7 {[%emt 0:03:36]} 15. g4 {[%emt 0:06:55]} f6 {[%emt 0:01:16]} 16. Ne2 {[%emt 0:01:55]} Rf7 {[%emt 0:04:28]} 17. Ng3 {[%emt 0:00:20]} Nf8 {[%emt 0:01:34]} 18. Kg2 {[%emt 0:02:00]} Bc8 {[%emt 0:00:33]} 19. Ne1 {[%emt 0:03:34]} Qe8 {[%emt 0:02:34]} 20. f3 {[%emt 0:01:18]} Nc5 {[%emt 0:02:57]} 21. Nd3 {[%emt 0:00:38]} Nxd3 {[%emt 0:00:28]} 22. Bxd3 {[%emt 0:00:08]} a4 {[%emt 0:02:17]} 23. h4 {[%emt 0:01:17]} Nd7 {[%emt 0:02:44]} 24. Rae1 {[%emt 0:04:28]} Nc5 {[%emt 0:01:12]} 25. Bc2 {[%emt 0:00:07]} Ba6 {[%emt 0:01:39]} 26. Qc3 {[%emt 0:08:20]} Qd7 {[%emt 0:09:19]} 27. h5 {[%emt 0:02:43]} Rff8 {[%emt 0:15:34]} 28. hxg6 {[%emt 0:02:19]} hxg6 {[%emt 0:00:01]} 29. Rh1 {[%emt 0:00:50]} Kf7 {[%emt 0:00:33]} 30. Rh7 {[%emt 0:01:04]} Rh8 {[%emt 0:00:13]} 31. Reh1 {[%emt 0:00:05]} Rxh7 {[%emt 0:01:05]} 32. Rh4 {[%emt 0:00:05]} Rh6 33. Rxh6 Kg8 {[%emt 0:05:08]} 34. Rh1 {[%emt 0:00:12]} b5 {[%emt 0:04:13]} 35. Bxc5 {[%emt 0:15:01]} dxc5 {[%emt 0:00:24]} 36. Bd3 {[%emt 0:00:35]} Rb8 {[%emt 0:06:33]} 37. cxb5 {[%emt 0:00:06]} Bxb5 {[%emt 0:00:07]} 38. Bb1 {[%emt 0:00:08]} Qd6 {[%emt 0:03:35]} 39. Ba2 {[%emt 0:00:49]} Bd7 {[%emt 0:00:23]} 40. Rc1 {[%emt 0:02:32]} Bf8 {[%emt 0:04:05]} 41. Rc2 {[%emt 0:00:19]} Kg7 {[%emt 0:00:30]} 42. Nf1 {[%emt 0:00:31]} Be7 {[%emt 0:00:41]} 43. Ne3 {[%emt 0:00:24]} Bb5 {[%emt 0:01:09]} 44. Bc4 {[%emt 0:00:29]} Bd7 {[%emt 0:01:09]} 45. Be2 {[%emt 0:04:25]} Rb3 {[%emt 0:00:36]} 46. Qd2 {[%emt 0:00:05]} f5 {[%emt 0:00:42]} 47. Bc4 {[%emt 0:01:19]} f4 {[%emt 0:01:16]} 48. Nd1 {[%emt 0:00:39]} Rb8 {[%emt 0:00:16]} 49. Nf2 {[%emt 0:01:14]} Qf6 {[%emt 0:00:46]} 50. Kf1 {[%emt 0:01:11]} Rh8 {[%emt 0:00:15]} 51. Qc3 {[%emt 0:01:48]} Bd6 {[%emt 0:00:28]} 52. Ke1 {[%emt 0:00:28]} Rh2 {[%emt 0:00:38]} 53. Re2 {[%emt 0:01:03]} Qh4 {[%emt 0:00:12]} 54. Qc2 {[%emt 0:00:22]} Qg3 {[%emt 0:00:15]} 55. Rd2 {[%emt 0:00:33]} Qxf3 {[%emt 0:00:24]} 56. Be2 {[%emt 0:00:08]} Qxf2+ {[%emt 0:00:11]} 0-1

[Event "2025 Spring TNM: 2000+"]
[Site "San Francisco"]
[Date "2025.03.25"]
[Round "4.2"]
[White "Cremisi, Daniel"]
[Black "Bayaraa, Chinguun"]
[Result "1-0"]
[WhiteElo "2388"]
[BlackElo "2161"]
[PlyCount "105"]
[GameId "2159927754347539"]
[EventDate "2025.??.??"]

1. d4 d5 {[%emt 0:00:51]} 2. c4 {[%emt 0:00:24]} e6 {[%emt 0:00:39]} 3. Nc3 {[%emt 0:00:04]} Nf6 {[%emt 0:00:06]} 4. cxd5 {[%emt 0:00:14]} exd5 {[%emt 0:00:05]} 5. Bg5 {[%emt 0:00:05]} Be7 {[%emt 0:00:14]} 6. e3 {[%emt 0:00:04]} O-O {[%emt 0:00:06]} 7. Bd3 {[%emt 0:00:07]} Nbd7 {[%emt 0:00:52]} 8. Qc2 {[%emt 0:00:05]} Re8 {[%emt 0:00:47]} 9. Nge2 {[%emt 0:00:13]} c5 {[%emt 0:05:02]} 10. O-O c4 {[%emt 0:00:25]} 11. Bf5 {[%emt 0:00:16]} g6 {[%emt 0:00:10]} 12. Bxd7 {[%emt 0:02:31]} Qxd7 {[%emt 0:01:22]} 13. Nf4 {[%emt 0:01:31]} Nh5 {[%emt 0:03:37]} 14. Bxe7 {[%emt 0:04:10]} Nxf4 {[%emt 0:00:06]} 15. exf4 {[%emt 0:00:25]} Rxe7 {[%emt 0:00:06]} 16. Rae1 {[%emt 0:02:58]} Rxe1 {[%emt 0:02:14]} 17. Rxe1 Qc6 {[%emt 0:00:40]} 18. Re7 {[%emt 0:03:22]} Be6 {[%emt 0:01:07]} 19. Qa4 {[%emt 0:02:52]} Qd6 {[%emt 0:00:38]} 20. Rxb7 {[%emt 0:01:01]} Qxf4 {[%emt 0:00:06]} 21. Qd1 {[%emt 0:01:24]} Qd6 {[%emt 0:06:21]} 22. h3 {[%emt 0:05:20]} Qc6 {[%emt 0:03:48]} 23. Rb5 {[%emt 0:01:59]} a6 {[%emt 0:03:38]} 24. Rc5 {[%emt 0:00:45]} Qb7 {[%emt 0:00:10]} 25. Qd2 {[%emt 0:06:15]} Rb8 {[%emt 0:00:41]} 26. Nd1 {[%emt 0:00:45]} Qd7 {[%emt 0:07:47]} 27. Qf4 {[%emt 0:03:47]} Re8 {[%emt 0:12:47]} 28. Ne3 {[%emt 0:04:53]} Qb7 {[%emt 0:01:45]} 29. Ng4 {[%emt 0:08:37]} Bxg4 {[%emt 0:03:50]} 30. Rc7 {[%emt 0:00:33]} Qxc7 {[%emt 0:00:06]} 31. Qxc7 {[%emt 0:00:36]} Re1+ 32. Kh2 {[%emt 0:00:05]} Be6 {[%emt 0:00:04]} 33. Kg3 {[%emt 0:02:28]} h6 {[%emt 0:04:52]} 34. Qf4 {[%emt 0:05:23]} Kg7 {[%emt 0:02:42]} 35. Qd2 {[%emt 0:00:22]} Rb1 {[%emt 0:00:13]} 36. Kf4 {[%emt 0:00:51]} Kf6 {[%emt 0:03:31]} 37. g4 {[%emt 0:03:06]} Rh1 {[%emt 0:05:26]} 38. Kg3 {[%emt 0:02:08]} Kg7 {[%emt 0:03:48]} 39. Qe2 {[%emt 0:03:11]} Rg1+ {[%emt 0:04:49]} 40. Kh2 {[%emt 0:01:04]} Ra1 {[%emt 0:00:45]} 41. a3 {[%emt 0:02:35]} g5 {[%emt 0:00:39]} 42. f4 {[%emt 0:02:02]} gxf4 {[%emt 0:00:13]} 43. Qe5+ {[%emt 0:00:07]} Kh7 {[%emt 0:04:23]} 44. Qxf4 {[%emt 0:00:13]} Rd1 {[%emt 0:02:00]} 45. Kg3 {[%emt 0:01:22]} Rd3+ {[%emt 0:00:15]} 46. Kh4 {[%emt 0:00:06]} a5 {[%emt 0:01:07]} 47. a4 {[%emt 0:02:44]} h5 {[%emt 0:09:23]} 48. gxh5 {[%emt 0:02:04]} Rxh3+ {[%emt 0:00:47]} 49. Kg5 {[%emt 0:00:02]} Rb3 {[%emt 0:01:11]} 50. Kf6 {[%emt 0:02:27]} Rh3 {[%emt 0:04:19]} 51. Qd2 {[%emt 0:05:00]} Rh4 {[%emt 0:03:41]} 52. Ke7 {[%emt 0:02:58]} Rxh5 {[%emt 0:03:54]} 53. Qxa5 {[%emt 0:00:16]} 1-0

[Event "2025 Spring TNM: 2000+"]
[Site "San Francisco"]
[Date "2025.03.25"]
[Round "4.3"]
[White "Ivanenko, Anthony Vladimir"]
[Black "Tsodikova, Natalya"]
[Result "0-1"]
[Annotator "Winslow,Elliott"]
[WhiteElo "1901"]
[BlackElo "2169"]
[PlyCount "102"]
[GameId "2159927754363924"]
[EventDate "2025.??.??"]

1. d4 {[%emt 0:00:03]} Nf6 {[%emt 0:00:11]} 2. c4 {[%emt 0:00:06]} g6 {[%emt 0:00:06]} 3. Nc3 {[%emt 0:00:04]} Bg7 {[%emt 0:00:06]} 4. e4 {[%emt 0:00:05]} d6 {[%emt 0:00:09]} 5. Nf3 {[%emt 0:00:05]} O-O {[%emt 0:00:14]} 6. Be2 {[%emt 0:00:08]} Bg4 {[%emt 0:00:54]} 7. Be3 {[%emt 0:00:16]} Nfd7 {[%emt 0:01:08]} 8. Ng1 {[%emt 0:02:23]} Bxe2 {[%emt 0:00:55]} 9. Ngxe2 {[%emt 0:00:06]} c5 {[%emt 0:04:37]} 10. O-O {[%emt 0:00:11]} a6 {[%emt 0:06:34]} 11. a4 {[%emt 0:11:58]} cxd4 {[%emt 0:04:09]} 12. Bxd4 {[%emt 0:00:06]} Ne5 {[%emt 0:06:07]} 13. f4 {[%emt 0:10:28]} Ng4 {[%emt 0:03:10]} 14. Bxg7 {[%emt 0:00:16]} Kxg7 {[%emt 0:00:03]} 15. Nd4 {[%emt 0:16:59]} Nf6 {[%emt 0:11:28] [#]} 16. e5 $5 {[%emt 0:03:39]} (16. f5) (16. Nd5 Nxe4 $6 17. f5) 16... Ne8 $6 {[%emt 0:01:18]} (16... dxe5 17. fxe5 Ng8 $14) 17. e6 $16 {[%emt 0:11:37]} f6 $2 $18 {[%emt 0:07:12]} (17... f5) 18. Nd5 {[%emt 0:05:13]} (18. f5) 18... Nc6 {[%emt 0:02:28]} 19. f5 {[%emt 0:02:23]} Ne5 {[%emt 0:13:25]} 20. Qb3 {[%emt 0:06:02]} (20. Ra3 $1) 20... Rb8 {[%emt 0:03:55]} 21. a5 $6 {[%emt 0:01:21]} (21. fxg6) 21... Nc7 $6 {[%emt 0:01:35]} 22. Rfc1 $2 {[%emt 0:06:06]} (22. fxg6) 22... Nc6 $14 {[%emt 0:04:09]} (22... Nxd5 $1 23. cxd5 b6 $11) 23. Qd3 {[%emt 0:04:52]} Nxd4 {[%emt 0:06:35]} 24. Qxd4 {[%emt 0:00:09]} gxf5 $2 $16 {[%emt 0:01:45]} (24... Nxd5 25. cxd5 b6 $14) 25. Nf4 {[%emt 0:02:41]} (25. Ra3) 25... Kh8 {[%emt 0:01:47]} 26. Ra3 {[%emt 0:02:06]} Rg8 {[%emt 0:00:50]} 27. Rcc3 $2 {[%emt 0:00:33]} Rg4 $11 {[%emt 0:00:57]} (27... d5 $1 $11) 28. Qe3 $15 {[%emt 0:02:15]} Qg8 $2 {[%emt 0:01:57]} (28... d5 $1 29. Rd3 $1 $15) 29. h3 $16 {[%emt 0:00:04]} Rg5 {[%emt 0:00:38]} 30. Rab3 {[%emt 0:04:00]} h5 $6 $18 {[%emt 0:04:18]} 31. Rc2 $6 {[%emt 0:00:37]} h4 {[%emt 0:01:25]} 32. Qa7 {[%emt 0:00:04]} Kh7 {[%emt 0:01:16]} 33. Rxb7 {[%emt 0:00:14]} Rxb7 {[%emt 0:01:14]} 34. Qxb7 {[%emt 0:00:05]} Qd8 $18 {[%emt 0:00:34]} 35. Nd5 {[%emt 0:01:12]} Nxd5 {[%emt 0:02:02]} 36. cxd5 {[%emt 0:00:08]} f4 {[%emt 0:04:08] [#]} 37. Rc8 $4 {[%emt 0:03:38]} (37. Qxa6 $18) 37... Qxa5 {[%emt 0:00:20]} 38. Qxe7+ {[%emt 0:00:27]} Rg7 {[#]} 39. Rh8+ $1 {[%emt 0:03:45]} Kxh8 {[%emt 0:00:02]} 40. Qe8+ {[%emt 0:00:06]} Rg8 {[%emt 0:00:15]} 41. Qh5+ {[%emt 0:00:12]} Kg7 {[%emt 0:00:19]} 42. Qf7+ {[%emt 0:00:04]} Kh8 {[%emt 0:02:24] [#]} (42... Kh6 43. Qxg8 (43. Qxf6+ $11 Rg6 44. Qxf4+ $11 (44. Qf8+ $11) (44. Qxh4+ $11)) 43... Qe1+ 44. Kh2 Qe5 $1 $11) 43. Qxf6+ $4 {[%emt 0:00:10]} (43. Qh5+ $11) 43... Rg7 $19 {[%emt 0:00:33]} 44. Qf8+ {[%emt 0:00:13]} Kh7 {[%emt 0:00:08]} 45. Qf5+ {[%emt 0:00:11]} Kg8 $1 {[%emt 0:00:22]} 46. Qe4 {[%emt 0:02:09]} Qa1+ {[%emt 0:00:55]} 47. Kh2 {[%emt 0:00:28]} Qxb2 {[%emt 0:00:25]} 48. e7 {[%emt 0:00:15] [#]} Qxg2+ {[%emt 0:00:21]} 49. Qxg2 {[%emt 0:00:06]} Rxg2+ {[%emt 0:00:05]} 50. Kxg2 {[%emt 0:00:11]} Kf7 51. Kf3 {[%emt 0:00:16]} a5 {[%emt 0:00:10]} 0-1